000 00470nam a2200181Ia 4500
001 3048
005 20260306144852.0
008 260306t2001||||xx |||||||||||||| ||spa||
041 _aESP
082 _a246.45943
_bS75
100 _aSpieker, Manfred
_eAUT
245 0 _aKirche und abtreibung in Deutschland:
_bursachen und verlauf eines konflites
260 _c2001
300 _a260 páginas :
_c23 cm.
650 _aGEN
654 _aCHU
942 _cLIB
_dJUS
_fJUS
_2ddc
_n
999 _c3048
_d3048